| 000 | 00891nam a2200253Ia 4500 | ||
|---|---|---|---|
| 003 | GCL | ||
| 008 | 140319s9999 xx 000 0 ara d | ||
| 040 |
_aGCL / _cGCL |
||
| 082 | 0 | 4 |
_a939.4 _bب ع |
| 100 | 1 | _aصلاح الدين عثمان هاشم | |
| 245 | 1 | 0 |
_aالعرب على حدود بيزنطة وايران من القرن الرابع الى القرن السادس / _cصلاح الدين عثمان هاشم |
| 700 | 1 | _aبيغوليفسكيا، نينافكتورفنا | |
| 260 |
_a[S.N] : _bالمجلس الوطنى للثقافة والفنون والاداب |
||
| 300 | _a420 ص | ||
| 490 | _a | ||
| 650 | 0 | 4 | _aتاريخ |
| 650 | 0 | 4 | _aايران |
| 650 | 0 | 4 | _aالجاهلية |
| 650 | 0 | 4 | _aشبه الجزيرة العربية |
| 650 | 0 | 4 | _aالعرب |
| 650 | 0 | 4 | _aالفرس |
| 650 | 0 | 4 | _aالامبراطورية البيزنطية |
| 942 |
_2ddc _cBK |
||
| 999 |
_c29829 _d29829 |
||